Ανάπτυξη λογισμικού με σκοπό την εκπαιδευτική εξειδίκευση του καλλιτεχνικού ρεύματος MEC ART-Νίκος Κεσσανλής : πτυχιακή εργασία

Αποθηκεύτηκε σε:
Λεπτομέρειες βιβλιογραφικής εγγραφής
Κύριος συγγραφέας: Πανάγου, Ελένη Δ.
Συγγραφή απο Οργανισμό/Αρχή: Πανεπιστήμιο Αιγαίου. Σχολή Κοινωνικών Επιστημών. Τμήμα Πολιτισμικής Τεχνολογίας και Επικοινωνίας
Άλλοι συγγραφείς: Ζαχαρόπουλος, Ντένης (Εισηγητής διατριβής)
Μορφή: Thesis Βιβλίο
Γλώσσα:Greek
Δημοσίευση: Μυτιλήνη : Πανεπιστήμιο Αιγαίου, Τμήμα Πολιτισμικής Τεχνολογίας και Επικοινωνίας, 2004
Θέματα:
Διαθέσιμο Online:http://hdl.handle.net/11610/10598
Ετικέτες: Προσθήκη ετικέτας
Δεν υπάρχουν, Καταχωρήστε ετικέτα πρώτοι!

MARC

LEADER 00000cam a2200000 i 4500
001 1/23725
008 060207s2004 gre d
035 |l 10082504 
040 |a GR-MY-UA  |b gre  |e aacr 
041 0 |a gre 
082 0 |a 371.334  |2 (22) 
100 1 |a Πανάγου, Ελένη Δ. 
245 1 0 |a Ανάπτυξη λογισμικού με σκοπό την εκπαιδευτική εξειδίκευση του καλλιτεχνικού ρεύματος MEC ART-Νίκος Κεσσανλής :  |b πτυχιακή εργασία /  |c Ελένη Δ. Πανάγου ; υπεύθυνος καθηγητής Ντένης Ζαχαρόπουλος 
260 |a Μυτιλήνη :   |b Πανεπιστήμιο Αιγαίου, Τμήμα Πολιτισμικής Τεχνολογίας και Επικοινωνίας,   |c 2004 
300 |a 68 σ.;  |b φωτ., εικ.;  |c 30 εκ. 
500 |a Μέλη εξεταστικής επιτροπής: Νικόλαος Βερνίκος, Χαράλαμπος Καραγιαννίδης 
502 |a Πτυχιακή εργασία – Πανεπιστήμιο Αιγαίου, Λέσβος, 2004. 
504 |a Βιβλιογραφία: 58-62 
650 0 0 |a Educational technology. 
650 0 0 |a Media programs (Education) 
650 0 0 |a Art  |x Study and teaching  |x Aids and devices. 
650 0 0 |a Dissertations, Academic  |z Greece. 
700 1 |a Ζαχαρόπουλος, Ντένης.  |4 ths 
710 2 |a Πανεπιστήμιο Αιγαίου.   |b Σχολή Κοινωνικών Επιστημών.   |b Τμήμα Πολιτισμικής Τεχνολογίας και Επικοινωνίας. 
852 |a INST  |b LESVOS  |c DIATR  |e 20060207  |h 35  |p 005100034383  |q 005100034383  |t DIE  |y 23 
852 |a INST  |b LESVOS  |c DIATR  |e 20060207  |h 36  |p 005100034403  |q 005100034403  |t DIE  |y 23 
856 |u http://hdl.handle.net/11610/10598 
901 |a BIBL1-2006-1 
909 |a Λ  |b 115569 
909 |a Λ  |b 115568 
924 |a ΠΑΝΑΓΟΥ  |b ΕΛΕΝΗ Δ.  |y ΛΕΣΒΟΣ  |z 2004-11 
970 |a ΜΑΡΙΝΑΤΟΥ  |b ΜΥΡΣΙΝΗ  |z 2006/02/07